000 00394nam a2200145Ia 4500
005 20250729165729.0
008 250729s2011 xx 000 0 und d
041 _aeng
082 _a371.333 SAFM
100 _aSafaya
_9231611
245 _aModern Educational administration and Management
260 _aNewdelhi
_bDanpat Rai Publication
_c2011
300 _a355p
650 _aEducation
_9231612
999 _c239368
_d239368